• 首页
  • 本馆介绍
  • 公告通知
  • 最新文献
  • 馆藏检索
  • 电子资源
  • 读者荐购
  • 参考咨询
  • CALIS
  • 我的图书馆
  • 登录
  • 详细信息显示
  • 放入我的书架
  • 预约/预借图书
  • 作者相关作品
  • 分类相关作品
  • 丛书相关作品
  • 出版社相关作品

书目信息

  • 表格格式
  • 工作单格式
  • 卡片格式
题名:
幕后新闻
    
 
作者: 野狐, 著
分册:  
出版信息: 北京   长征出版社  2009.09
页数: 227页
开本: 24cm
丛书名:
单 册:
中图分类: I247.57
科图分类:
主题词: 长篇小说--中国--当代
电子资源:
ISBN: 978-7-80204-519-4
 
 
 
 
 
000 00673nam0 2200241 450
001 CAL 012009157214
005 20110228150147.89
010    @a978-7-80204-519-4@dCNY29.80
099    @aCAL 012009157214
100    @a20091109d2009 em y0chiy50 ea
101 0  @achi
102    @aCN@b110000
105    @ay z 000ay
200 1  @a幕后新闻@Amu hou xin wen@f野狐著
210    @a北京@c长征出版社@d2009.09
215    @a227页@d24cm
314    @a野狐, 本名胡李平, 男, 1965年生, 湖南衡山人。
606 0  @a长篇小说@y中国@z当代
690    @aI247.57@v4
701  0 @a野狐,@AYe Hu ,@f1965-@4著
801  0 @aCN@bSHCD@c20110228
905    @aZUCC@dI247.57@eY411@f3
998    @aSHCD
    
    幕后新闻/野狐著.-北京:长征出版社,2009.09
    227页;24cm
    
    
    ISBN 978-7-80204-519-4:CNY29.80
    
●
相关链接 在E读中查询图书 在当当中查询图书 在豆瓣中查询图书


正题名:幕后新闻     索取号:I247.57/Y411         预约/预借

序号 登录号 条形码 馆藏地/架位号 状态 备注
1 1183618   211836183   文学库108/108文学库 54排3列3层/ [索取号:I247.57/Y411] 在馆    
2 1183619   211836192   社科二线422/422社科库 50排3列3层/ [索取号:I247.57/Y411] 在馆    
3 1183620   211836209   文学库108/108文学库 54排3列3层/ [索取号:I247.57/Y411] 在馆    
河南城建学院图书馆 欢迎您!
大连网信软件有限公司© 版权所有